Countries in Alphabetical Order - Statistics

General Stats
  • This quiz has been taken 9 times
  • The average score is 106 of 196
Answer Stats
First Letter Country % Correct
A Afghanistan
100%
A Albania
100%
A Algeria
100%
A Andorra
100%
A Angola
100%
A Armenia
100%
A Austria
100%
A Azerbaijan
100%
B Bahrain
100%
B Bangladesh
100%
B Belarus
100%
B Belgium
100%
B Benin
100%
B Bhutan
100%
B Botswana
100%
B Brunei
100%
C Cambodia
100%
C Cameroon
100%
C Central African Republic
100%
C Chad
100%
C China
100%
C Comoros
100%
C Cyprus
100%
C Czech Republic
100%
D Djibouti
100%
G Gabon
100%
G Gambia
100%
G Germany
100%
G Ghana
100%
H Haiti
100%
H Honduras
100%
H Hungary
100%
A Antigua and Barbuda
80%
A Australia
80%
B Bahamas
80%
B Belize
80%
B Bolivia
80%
B Bosnia and Herzegovina
80%
B Bulgaria
80%
B Burkina Faso
80%
B Burundi
80%
C Canada
80%
C Cape Verde
80%
C Chile
80%
C Colombia
80%
C Croatia
80%
C Cuba
80%
D Denmark
80%
D Dominican Republic
80%
E East Timor
80%
E Egypt
80%
E Equatorial Guinea
80%
E Eritrea
80%
E Estonia
80%
E Eswatini
80%
E Ethiopia
80%
F Fiji
80%
F Finland
80%
F France
80%
G Guinea
80%
G Guinea-Bissau
80%
I India
80%
I Indonesia
80%
I Iran
80%
I Iraq
80%
J Japan
80%
J Jordan
80%
A Argentina
60%
B Barbados
60%
B Brazil
60%
C Costa Rica
60%
D Dominica
60%
G Georgia
60%
G Greece
60%
G Guyana
60%
I Iceland
60%
I Ireland
60%
I Israel
60%
I Italy
60%
I Ivory Coast
60%
J Jamaica
60%
K Kazakhstan
60%
K Kenya
60%
K Kosovo
60%
K Kuwait
60%
K Kyrgyzstan
60%
L Laos
60%
L Latvia
60%
L Lebanon
60%
L Lesotho
60%
L Liberia
60%
L Libya
60%
L Liechtenstein
60%
L Lithuania
60%
L Luxembourg
60%
M Madagascar
60%
M Malawi
60%
M Malaysia
60%
M Maldives
60%
M Mali
60%
M Mauritania
60%
M Mauritius
60%
M Monaco
60%
M Mongolia
60%
M Mozambique
60%
O Oman
60%
V Vatican City
60%
Y Yemen
60%
Z Zambia
60%
Z Zimbabwe
60%
E Ecuador
40%
E El Salvador
40%
G Grenada
40%
K Kiribati
40%
M Malta
40%
M Marshall Islands
40%
M Mexico
40%
M Micronesia
40%
M Moldova
40%
M Montenegro
40%
M Morocco
40%
N Namibia
40%
N Netherlands
40%
N Niger
40%
N Nigeria
40%
N Norway
40%
Q Qatar
40%
R Romania
40%
R Russia
40%
R Rwanda
40%
S San Marino
40%
S São Tomé and Príncipe
40%
S Senegal
40%
T Togo
40%
T Tunisia
40%
U Uganda
40%
U Ukraine
40%
U United Kingdom
40%
V Venezuela
40%
V Vietnam
40%
D Democratic Republic of Congo
20%
G Guatemala
20%
N Nauru
20%
N New Zealand
20%
N Nicaragua
20%
N North Macedonia
20%
P Pakistan
20%
P Palau
20%
P Paraguay
20%
P Peru
20%
P Philippines
20%
P Poland
20%
P Portugal
20%
S Saint Kitts and Nevis
20%
S Saint Lucia
20%
S Serbia
20%
S Seychelles
20%
S Sierra Leone
20%
S Slovakia
20%
S Slovenia
20%
S Somalia
20%
S South Africa
20%
S South Sudan
20%
S Spain
20%
S Sudan
20%
S Sweden
20%
S Switzerland
20%
S Syria
20%
T Taiwan
20%
T Tajikistan
20%
T Tanzania
20%
T Thailand
20%
T Tonga
20%
T Trinidad and Tobago
20%
T Turkey
20%
T Turkmenistan
20%
U United Arab Emirates
20%
U United States of America
20%
U Uruguay
20%
U Uzbekistan
20%
V Vanuatu
20%
M Myanmar (Burma)
0%
N Nepal
0%
N North Korea
0%
P Panama
0%
P Papua New Guinea
0%
R Republic of Congo
0%
S Saint Vincent and Grenadines
0%
S Samoa
0%
S Saudi Arabia
0%
S Singapore
0%
S Solomon Islands
0%
S South Korea
0%
S Sri Lanka
0%
S Suriname
0%
T Tuvalu
0%
No matching quizzes found
Score Distribution
Percent of People with Each Score
Percentile by Number Answered
Your Score History
You have not taken this quiz